You think it's easy being the tooth fairy? / (Record no. 6606)
[ view plain ]
| 000 -LEADER | |
|---|---|
| fixed length control field | 01421nam a22003017a 4500 |
| 001 - CONTROL NUMBER | |
| control field | 6606 |
| 003 - CONTROL NUMBER IDENTIFIER | |
| control field | FISKH |
| 005 - DATE AND TIME OF LATEST TRANSACTION | |
| control field | 20250513105023.0 |
| 008 - FIXED-LENGTH DATA ELEMENTS--GENERAL INFORMATION | |
| fixed length control field | 250513b cb ||||| |||| 00| 0 eng d |
| 020 ## - INTERNATIONAL STANDARD BOOK NUMBER | |
| International Standard Book Number | 9780545336024 |
| 040 ## - CATALOGING SOURCE | |
| Original cataloging agency | FISKH |
| Language of cataloging | eng |
| Transcribing agency | FISKH |
| Modifying agency | FISKH |
| 050 ## - LIBRARY OF CONGRESS CALL NUMBER | |
| Classification number | PZ7.B4123 Y |
| 082 ## - DEWEY DECIMAL CLASSIFICATION NUMBER | |
| Classification number | 813.6 |
| 100 ## - MAIN ENTRY--PERSONAL NAME | |
| Personal name | Bell-Rehwoldt, Sheri |
| 245 ## - TITLE STATEMENT | |
| Title | You think it's easy being the tooth fairy? / |
| Statement of responsibility, etc. | By Sheri Bell-Rehwoldt ; Illustrated by David Slonim |
| 250 ## - EDITION STATEMENT | |
| Edition statement | This edition first published in 2011 |
| 260 ## - PUBLICATION, DISTRIBUTION, ETC. | |
| Place of publication, distribution, etc. | New York : |
| Name of publisher, distributor, etc. | Scholastic, |
| Date of publication, distribution, etc. | 2007 |
| 300 ## - PHYSICAL DESCRIPTION | |
| Extent | 26 unnumbered pages : |
| Other physical details | color illustrations ; |
| Dimensions | 27 cm |
| 505 ## - FORMATTED CONTENTS NOTE | |
| Formatted contents note | J<br/> |
| 520 ## - SUMMARY, ETC. | |
| Summary, etc. | Juvenile Fiction. Picture Book Fiction. Humor (Fiction.) HTML:All over America, kids are losing their teeth. And who is there to gather them up, leaving coins in their places? The Tooth Fairy, of course! A self-described action kind of gal with plenty of attitude, she reveals her secrets at last. Learn about her amazing Tooth-o-Finder. Marvel at her ingenious flying machine. Watch her in action, dodging dogs and cats and gerbils. You Think It's Easy Being the Tooth Fairy? is the essential guide for every kid about to lose a tooth.<br/><br/> |
| 521 8# - TARGET AUDIENCE NOTE | |
| Target audience note | 500<br/> |
| Source | Lexile<br/> |
| 521 8# - TARGET AUDIENCE NOTE | |
| Target audience note | J<br/> |
| Source | Raz-Plus<br/> |
| 650 ## - SUBJECT ADDED ENTRY--TOPICAL TERM | |
| Source of heading or term | Teeth |
| Topical term or geographic name entry element | Persuasive |
| 650 ## - SUBJECT ADDED ENTRY--TOPICAL TERM | |
| Source of heading or term | Tooth fairy |
| Topical term or geographic name entry element | Point of view |
| 700 ## - ADDED ENTRY--PERSONAL NAME | |
| Personal name | Slonim, David |
| Dates associated with a name | illustrator |
| 942 ## - ADDED ENTRY ELEMENTS (KOHA) | |
| Source of classification or shelving scheme | Dewey Decimal Classification |
| Koha item type | Books |
| Suppress in OPAC | No |
| Withdrawn status | Lost status | Source of classification or shelving scheme | Damaged status | Not for loan | Collection | Home library | Current library | Shelving location | Date acquired | Total Checkouts | Full call number | Barcode | Date last seen | Copy number | Price effective from | Koha item type |
|---|---|---|---|---|---|---|---|---|---|---|---|---|---|---|---|---|
| Dewey Decimal Classification | Juvenile Fiction | Footprints International School Library Network Toul Tom Poung Campus | Footprints International School Library Network Toul Tom Poung Campus | TTP Primary Dark Blue Bookshelves | 05/13/2025 | BEL 813.6 PZ7.B4123 Y | 2025-1300 | 05/13/2025 | 1 | 05/13/2025 | Books |
